000
00252nam a2200097Ia 4500
001
1249810
005
20251031150843.0
008
251031s9999 xx 000 0 und d
245
0
_c
MUZAFFER İZGÜ
_a
S-5 UÇTU UÇTU ALİ UÇTU
260
_b
BİLGİ ÇOCUK
999
_c
1249810
_d
1249810